000 00831nas a2200253 4500
001 BR0808025
003 BR-BrBNA
005 20231205112759.0
007 ta
008 230509b bl.|||p| |||| 00| 00por d
040 _aBR-BrBNA
_bpor
_cBiblioteca Nacional de Agricultura
041 _a(Pt)
072 _aL72
100 1 _aFerreira, B.R.
100 1 _aBechara, G.H.
245 1 _aImunidade a carrapatos Rhipicephalas sanguineus (Acarina: Ixodidae em cachorro do mato Cerdiocyon thous (Linnaeus)e no cão doméstico
650 _aCÃO
650 _aPRAGA DE ANIMAL
650 _aCARRAPATO
650 _aIMUNIDADE
773 0 _tBrazilian Journal of Veterinary Research and Animal Science (Brazil)
_xISSN 1413-9596
_g(1995), v. 32(4)232-237
_wBR0808025
909 _a202311
_bLúcia
_c55
_dLúcia Elande
942 _2AGRIS
_n0
_cANA
999 _c199943
_d199943